| 000 | 00976nam a22002177a 4500 | ||
|---|---|---|---|
| 008 | 100620s1993 ku|||||r|||| 000 0 ara d | ||
| 082 |
_222 _a523.111 _bس ا غ |
||
| 100 |
_914900 _aساغان، كارل |
||
| 245 |
_aالكون / _cتاليف كارل ساغان ؛ ترجمة نافع أيوب لبس ؛ مراجعة محمد كامل عارف |
||
| 260 |
_aالكويت : _bالمجلس الوطني للثقافة والفنون والآداب ، 1993 _c1993 |
||
| 300 |
_a316 ص ؛ _c20 سم |
||
| 500 | _aترجمة لكتاب :Cosmos: The Story of Cosmic evolution, Science and civilization / Carl Sagan, London, 1981 | ||
| 500 | _aإهداء: علاء عبد الغني | ||
| 650 |
_914902 _aالفضاء |
||
| 700 |
_914903 _aلبس، نافع أيوب |
||
| 700 |
_914904 _aعارف، محمد كامل |
||
| 942 |
_2ddc _cBB _hRDA-MOD |
||
| 999 |
_c14122 _d14122 |
||
| 336 |
_2rdacontent _aنص _btxt |
||
| 337 |
_aبدون وسيط _2rdamedia _bn |
||
| 338 |
_aمجلد _bnc _2rdacarrier |
||